[Event "FRA-chT2 West 0607"]
[Site "France"]
[Date "2007.03.31"]
[Round "10.8"]
[White "Lofi, Sarah"]
[Black "Gabriel, Virginie"]
[Result "1-0"]
[WhiteElo "1906"]
[BlackElo "1600"]
[PlyCount "95"]
[EventDate "2006.10.15"]
[EventType "team"]
[EventRounds "11"]
[EventCountry "FRA"]
[SourceTitle "EXT 2008"]
[Source "ChessBase"]
[SourceDate "2007.11.25"]
[SourceVersion "1"]
[SourceVersionDate "2007.11.25"]
[SourceQuality "1"]
[WhiteTeam "Gif sur Yvette"]
[BlackTeam "Le Mans"]
[WhiteTeamCountry "FRA"]
[BlackTeamCountry "FRA"]

1. e4 e6 2. d4 d5 3. e5 c5 4. Nf3 Be7 5. Be2 Qb6 6. 0-0 Nc6 7. c3 Bd8 8. Na3 Bc7 9. Nb5 Nce7 10. dxc5 Qxc5 11. Be3 Qc6 12. Qa4 Kf8 13. Qg4 a6 14. Nbd4 Qe8 15. Nb3 Ng6 16. Bc5+ N8e7 17. Qg5 h6 18. Qe3 Bd7 19. Bd3 Kg8 20. Rfe1 Nf5 21. Bxf5 exf5 22. Rad1 Be6 23. h4 h5 24. g3 f4 25. Qd3 Rd8 26. Nbd4 Bg4 27. Rd2 Nxe5 28. Nxe5 Bxe5 29. gxf4 Qd7 30. fxe5 Bh3 31. e6 Qc7 32. Qxh3 Qxc5 33. e7 Re8 34. Qd7 Kh7 35. Rde2 Qb6 36. Qxd5 Qg6+ 37. Qg5 Qd6 38. Nf5 Qg6 39. Qxg6+ Kxg6 40. Nd6 f6 41. Nxe8 Rxe8 42. Rd1 Kf7 43. Rd7 g5 44. hxg5 fxg5 45. Rxb7 g4 46. Rb4 a5 47. Rf4+ Kg6 48. Rf8 1-0

[Event "FRA-chT2 West 0607"]
[Site "France"]
[Date "2006.12.10"]
[Round "4.8"]
[White "Gabriel, Virginie"]
[Black "Cheype, Marie"]
[Result "0-1"]
[WhiteElo "1499"]
[BlackElo "1871"]
[PlyCount "114"]
[EventDate "2006.10.15"]
[EventType "team"]
[EventRounds "11"]
[EventCountry "FRA"]
[SourceTitle "EXT 2008"]
[Source "ChessBase"]
[SourceDate "2007.11.25"]
[SourceVersion "1"]
[SourceVersionDate "2007.11.25"]
[SourceQuality "1"]
[WhiteTeam "Le Mans"]
[BlackTeam "Agneaux Saint Lo"]
[WhiteTeamCountry "FRA"]
[BlackTeamCountry "FRA"]

1. d4 f5 2. Nf3 g6 3. Bf4 Nf6 4. e3 Bg7 5. Nbd2 0-0 6. c3 d6 7. Be2 Qe8 8. 0-0 Nh5 9. Re1 e5 10. dxe5 dxe5 11. Bc4+ Kh8 12. Bg3 Nxg3 13. hxg3 Nd7 14. b4 e4 15. Nd4 Ne5 16. f4 exf3 17. gxf3 Qe7 18. f4 Ng4 19. Qf3 g5 20. Nf1 c5 21. Ne2 cxb4 22. Rac1 bxc3 23. Nxc3 Qc5 24. Qd5 Qa3 25. Red1 Bxc3 26. Qd3 Bb2 27. Qd5 Nxe3 28. Rd3 Nxd5 29. Rxa3 Bxc1 30. Rf3 Nb6 31. Bb3 Bd7 32. fxg5 Bxg5 33. Bc2 Rac8 34. Bb1 Rc1 35. Bd3 f4 36. gxf4 Rxf4 37. Rf2 Rxf2 38. Kxf2 Bh4+ 39. Kg2 Rc3 40. Be4 Bh3+ 41. Kg1 Rc1 42. Bg2 Bxg2 43. Kxg2 Rxf1 44. Kxf1 Nc4 45. Ke2 Bg5 46. Kd3 h5 47. Kxc4 h4 48. Kd5 h3 49. Kd6 h2 50. Kc7 h1Q 51. Kb8 Qc6 52. a3 Bf4+ 53. Ka8 b5+ 54. Kxa7 Be3+ 55. Kb8 Bb6 56. a4 Qc7+ 57. Ka8 Qa7# 0-1